Score 0/14 Timer 04:00
2 Plays Today
Scrambled Word % Correct
YEONMKMONKEY
95.5%
FRAGIFEGIRAFFE
94.2%
RAZBEZEBRA
90.1%
LAMCECAMEL
87.5%
Where you might find all these things?Zoo
87.1%
PHEELNATELEPHANT
80.6%
TOHLSSLOTH
76.9%
Scrambled Word % Correct
GINUNPEPENGUIN
76.2%
YEANHHYENA
71.9%
BOWTAMWOMBAT
63.7%
HOTRICSOSTRICH
60.5%
AKOGROANKANGAROO
59.8%
GUNNATORAORANGUTAN
47%
KRAMTEEMEERKAT
43.9%
Remove Ads.
Support Sporcle.
Get the best of Sporcle when you Go Orange. This ad-free experience offers more features, more stats, and more fun while also helping to support Sporcle. Thank you for becoming a member.

You're not logged in!

Compare scores with friends on all Sporcle quizzes.
OR
Log In

Show Comments

Extras

Top Quizzes Today


Score Distribution

Your Account Isn't Verified!

In order to create a playlist on Sporcle, you need to verify the email address you used during registration. Go to your Sporcle Settings to finish the process.

Report this User

Report this user for behavior that violates our Community Guidelines.

Details: